[Event "Lippe Cup 02nd"]
[Site "Lieme"]
[Date "2005.10.09"]
[Round "5"]
[White "Kreie, Guenther"]
[Black "Ott, Mathias"]
[Result "1/2-1/2"]
[WhiteElo "1968"]
[BlackElo "2024"]
[PlyCount "72"]
[EventDate "2005.10.07"]
[EventType "swiss"]
[EventRounds "5"]
[EventCountry "GER"]
[SourceTitle "EXT 2012"]
[Source "ChessBase"]
[SourceDate "2011.11.24"]
[SourceVersion "1"]
[SourceVersionDate "2011.11.24"]
[SourceQuality "1"]

1. e4 e6 2. d4 d5 3. Nd2 Nf6 4. e5 Nfd7 5. Bd3 c5 6. c3 Nc6 7. Ne2 cxd4 8. cxd4 f6 9. exf6 Nxf6 10. 0-0 Bd6 11. g3 0-0 12. Nf3 Bd7 13. Nc3 a6 14. a3 Qc7 15. Re1 e5 16. dxe5 Nxe5 17. Nxe5 Bxe5 18. Bd2 Bc6 19. Rc1 Rae8 20. Ne2 Bxb2 21. Bb4 Bxc1 22. Bxf8 Rxf8 23. Qxc1 Ng4 24. Nf4 Qb6 25. Qc2 Nf6 26. Re7 Ne4 27. Bxe4 dxe4 28. h4 Qb5 29. Ne6 Rf7 30. Nd4 Qd5 31. Nxc6 bxc6 32. Qxe4 Rxe7 33. Qxe7 h6 34. Qe8+ Kh7 35. h5 a5 36. Qg6+ Kg8 1/2-1/2

[Event "NRW U25 op"]
[Site "Olpe"]
[Date "2005.10.04"]
[Round "7.6"]
[White "Ott, Mathias"]
[Black "Sharma, Rakesh"]
[Result "1/2-1/2"]
[WhiteElo "2024"]
[BlackElo "1528"]
[PlyCount "25"]
[EventDate "2005.10.01"]
[EventType "swiss"]
[EventRounds "7"]
[EventCountry "GER"]
[SourceTitle "CBM 108 Extra"]
[Source "ChessBase"]
[SourceDate "2005.11.04"]
[SourceVersion "1"]
[SourceVersionDate "2005.11.04"]
[SourceQuality "1"]

1. d4 c6 2. c4 d5 3. Nf3 Nf6 4. Nc3 e6 5. e3 Bd6 6. Qc2 0-0 7. Bd2 Nbd7 8. Bd3 e5 9. cxd5 cxd5 10. dxe5 Nxe5 11. Nxe5 Bxe5 12. h3 d4 13. exd4 1/2-1/2

[Event "NRW U25 op"]
[Site "Olpe"]
[Date "2005.10.03"]
[Round "6.5"]
[White "Gesing, Felix"]
[Black "Ott, Mathias"]
[Result "1/2-1/2"]
[WhiteElo "1807"]
[BlackElo "2024"]
[PlyCount "47"]
[EventDate "2005.10.01"]
[EventType "swiss"]
[EventRounds "7"]
[EventCountry "GER"]
[SourceTitle "CBM 108 Extra"]
[Source "ChessBase"]
[SourceDate "2005.11.04"]
[SourceVersion "1"]
[SourceVersionDate "2005.11.04"]
[SourceQuality "1"]

1. e4 e6 2. d4 d5 3. exd5 exd5 4. c4 Nf6 5. Nc3 Be7 6. cxd5 Nxd5 7. Bc4 Nf6 8. Nf3 0-0 9. h3 c6 10. 0-0 Bf5 11. Bg5 Nbd7 12. Nh4 Bg6 13. Nxg6 hxg6 14. Qc2 Nb6 15. Bb3 Nbd5 16. Rfe1 Re8 17. Bxf6 gxf6 18. Nxd5 cxd5 19. Rac1 Qa5 20. Qc7 Qxc7 21. Rxc7 Bd6 22. Rcc1 Rxe1+ 23. Rxe1 Rd8 24. Kf1 1/2-1/2

[Event "Rostock  PSV op 05th"]
[Site "Rostock"]
[Date "2005.08.28"]
[Round "7"]
[White "Schoenrock, Ruediger"]
[Black "Ott, Mathias"]
[Result "1/2-1/2"]
[WhiteElo "2126"]
[BlackElo "1843"]
[PlyCount "41"]
[EventDate "2005.08.25"]
[EventType "swiss"]
[EventRounds "7"]
[EventCountry "GER"]
[SourceTitle "EXT 2007"]
[Source "ChessBase"]
[SourceDate "2006.11.23"]
[SourceVersion "1"]
[SourceVersionDate "2006.11.23"]
[SourceQuality "1"]

1. e4 e6 2. d4 d5 3. Nd2 Nf6 4. e5 Nfd7 5. Bd3 c5 6. c3 Nc6 7. Ne2 cxd4 8. cxd4 f6 9. Nf4 Qe7 10. Qh5+ Qf7 11. Bg6 hxg6 12. Qxh8 Nxd4 13. 0-0 Nxe5 14. Nb3 Nf5 15. Re1 Nh6 16. Nxd5 g5 17. Rxe5 fxe5 18. Nc3 Qf5 19. Be3 Bd7 20. Nc5 Bc6 21. Rd1 1/2-1/2

[Event "Rostock  PSV op 05th"]
[Site "Rostock"]
[Date "2005.08.27"]
[Round "6"]
[White "Ott, Mathias"]
[Black "Ehlers, Michael2222"]
[Result "1-0"]
[WhiteElo "1843"]
[BlackElo "1626"]
[PlyCount "61"]
[EventDate "2005.08.25"]
[EventType "swiss"]
[EventRounds "7"]
[EventCountry "GER"]
[SourceTitle "EXT 2007"]
[Source "ChessBase"]
[SourceDate "2006.11.23"]
[SourceVersion "1"]
[SourceVersionDate "2006.11.23"]
[SourceQuality "1"]

1. d4 Nf6 2. c4 e5 3. dxe5 Ng4 4. Bf4 Nc6 5. Nf3 Bb4+ 6. Nc3 Qe7 7. Qd5 b6 8. h3 Nh6 9. e4 Bb7 10. Qd2 Nd8 11. Bd3 Ne6 12. Be3 Nc5 13. Bxc5 Qxc5 14. a3 Bxc3 15. Qxc3 0-0 16. 0-0 f5 17. Rfe1 Rae8 18. b4 Qe7 19. Bc2 c5 20. b5 Qf7 21. Rad1 fxe4 22. Bxe4 Bxe4 23. Rxe4 Re6 24. Qd2 Rg6 25. Ne1 Qf5 26. Re3 Rf7 27. Rf3 Qxe5 28. Rxf7 Kxf7 29. Qxd7+ Qe7 30. Nf3 Kf8 31. Qc8+ 1-0

[Event "Bielefeld Gr2"]
[Site "Bielefeld"]
[Date "2005.05.14"]
[Round "3"]
[White "Kapitza, Mathias"]
[Black "Ott, Mathias"]
[Result "1-0"]
[WhiteElo "2020"]
[BlackElo "2073"]
[PlyCount "35"]
[EventDate "2005.05.13"]
[EventType "tourn"]
[EventRounds "7"]
[EventCountry "GER"]
[SourceTitle "EXT 2006"]
[Source "ChessBase"]
[SourceDate "2005.11.24"]
[SourceVersion "1"]
[SourceVersionDate "2005.11.24"]
[SourceQuality "1"]

1. Nf3 c5 2. e3 d5 3. d4 Nf6 4. Nbd2 Nc6 5. Bd3 c4 6. Be2 e6 7. c3 Bd6 8. Qc2 b5 9. e4 dxe4 10. Nxe4 Bb7 11. 0-0 Nxe4 12. Qxe4 0-0 13. Ng5 g6 14. Qh4 h5 15. Bxh5 gxh5 16. Qxh5 Kg7 17. Qh7+ Kf6 18. Ne4+ 1-0

[Event "Bielefeld Gr2"]
[Site "Bielefeld"]
[Date "2005.05.13"]
[Round "1"]
[White "Scharnowski, Tobias"]
[Black "Ott, Mathias"]
[Result "1/2-1/2"]
[WhiteElo "2135"]
[BlackElo "2073"]
[PlyCount "50"]
[EventDate "2005.05.13"]
[EventType "tourn"]
[EventRounds "7"]
[EventCountry "GER"]
[SourceTitle "EXT 2006"]
[Source "ChessBase"]
[SourceDate "2005.11.24"]
[SourceVersion "1"]
[SourceVersionDate "2005.11.24"]
[SourceQuality "1"]

1. e4 e6 2. d4 d5 3. Nc3 Bb4 4. exd5 exd5 5. Bd3 Nf6 6. Nge2 0-0 7. 0-0 Bg4 8. Bg5 c6 9. f3 Bh5 10. Nf4 Bg6 11. Nxg6 fxg6 12. Ne2 Bd6 13. Qd2 Nbd7 14. Bf4 Qc7 15. Bxd6 Qxd6 16. Nf4 Rae8 17. c3 g5 18. Ne2 g4 19. f4 Ne4 20. Bxe4 Rxe4 21. Rae1 Nb6 22. b3 Nc8 23. g3 Rfe8 24. Nc1 Qe7 25. Nd3 Re2 1/2-1/2

[Event "Rostock  PSV op 04th"]
[Site "Rostock"]
[Date "2004.08.28"]
[Round "6"]
[White "Ott, Mathias"]
[Black "Schroeder, Christian"]
[Result "0-1"]
[WhiteElo "1965"]
[BlackElo "2100"]
[PlyCount "106"]
[EventDate "2004.08.26"]
[EventType "swiss"]
[EventRounds "7"]
[EventCountry "GER"]
[SourceTitle "EXT 2007"]
[Source "ChessBase"]
[SourceDate "2006.11.23"]
[SourceVersion "1"]
[SourceVersionDate "2006.11.23"]
[SourceQuality "1"]

1. d4 d5 2. c4 c6 3. Nf3 Nf6 4. Nc3 g6 5. Bg5 Bg7 6. e3 0-0 7. Qb3 dxc4 8. Bxc4 Nbd7 9. 0-0 h6 10. Bh4 g5 11. Bg3 Nh5 12. Be5 Nb6 13. Bd3 Be6 14. Qc2 f6 15. Bg3 Nxg3 16. fxg3 Rc8 17. Rad1 Qc7 18. Qe2 Bg4 19. Bb1 e6 20. Qd3 f5 21. h3 Bh5 22. g4 Bg6 23. h4 Bf6 24. hxg5 hxg5 25. gxf5 Bxf5 26. e4 Bg6 27. Qe3 g4 28. Nh2 g3 29. Ng4 Bg7 30. e5 Bxb1 31. Rxb1 Qd8 32. Ne4 Qh4 33. Ngf6+ Bxf6 34. Nxf6+ Kg7 35. Rf4 Qh2+ 36. Kf1 Nd5 37. Rg4+ Kh8 38. Qe4 Rxf6+ 39. exf6 Nxf6 40. Qe5 Rf8 41. Rxg3 Qh1+ 42. Ke2 Qxb1 43. Rh3+ Kg7 44. Qc7+ Rf7 45. Rg3+ Kf8 46. Qd6+ Ke8 47. Qb8+ Ke7 48. Qxb7+ Nd7 49. Qb3 Qf1+ 50. Kd2 Rf2+ 51. Kc3 Rxg2 52. Re3 Qc1+ 53. Kb4 Rxb2 0-1

[Event "Werther Schloss op-A 10th"]
[Site "Werther"]
[Date "2004.04.04"]
[Round "5"]
[White "Ott, Mathias"]
[Black "Bruemmer, Frank"]
[Result "0-1"]
[WhiteElo "1930"]
[BlackElo "2226"]
[PlyCount "120"]
[EventDate "2004.04.02"]
[EventType "swiss"]
[EventRounds "5"]
[EventCountry "GER"]
[SourceTitle "CBM 099 Extra"]
[Source "ChessBase"]
[SourceDate "2004.05.04"]
[SourceVersion "1"]
[SourceVersionDate "2004.05.04"]
[SourceQuality "1"]

1. d4 e6 2. c4 d5 3. Nc3 c5 4. cxd5 cxd4 5. Qxd4 Nc6 6. Qd1 exd5 7. e3 Nf6 8. Nf3 Bd6 9. Bb5 0-0 10. 0-0 Bc7 11. b3 Qd6 12. Be2 a6 13. Bb2 Bf5 14. g3 Rad8 15. Re1 Rfe8 16. Nh4 Bh3 17. Bf1 Qd7 18. Ne2 Bxf1 19. Rxf1 Ne4 20. Nd4 Nxd4 21. Bxd4 Qh3 22. Qe2 Re6 23. Rfc1 Be5 24. Bxe5 Rxe5 25. Rc7 g5 26. Nf3 Rf5 27. Rf1 Rf6 28. Re7 Rc8 29. Ne5 Nxf2 30. Rxf7 Rxf7 31. Nxf7 Ne4 32. Ne5 Nxg3 33. hxg3 Qxg3+ 34. Kh1 Qxe5 35. Qh5 Re8 36. Qh6 Qxe3 37. Qf6 Qe5 38. Qf7+ Kh8 39. Rf5 Qe4+ 40. Kh2 Qh4+ 41. Kg1 Qd4+ 42. Kh1 Qe4+ 43. Kg1 Qe3+ 44. Kf1 Qd3+ 45. Kg1 Re1+ 46. Rf1 Rxf1+ 47. Qxf1 Qe3+ 48. Kg2 Kg7 49. Qf5 Qd2+ 50. Kg1 Qe3+ 51. Kg2 d4 52. Qd7+ Kh6 53. Qd6+ Kh5 54. Qh2+ Kg4 55. Qxh7 Qd2+ 56. Kh1 d3 57. Qd7+ Kg3 58. Qd6+ Kf3 59. Qd5+ Ke2 60. Qg2+ Kd1 0-1

[Event "Werther Schloss op-A 10th"]
[Site "Werther"]
[Date "2004.04.03"]
[Round "2"]
[White "Brendel, Oliver"]
[Black "Ott, Mathias"]
[Result "1/2-1/2"]
[WhiteElo "2329"]
[BlackElo "1930"]
[PlyCount "66"]
[EventDate "2004.04.02"]
[EventType "swiss"]
[EventRounds "5"]
[EventCountry "GER"]
[SourceTitle "CBM 099 Extra"]
[Source "ChessBase"]
[SourceDate "2004.05.04"]
[SourceVersion "1"]
[SourceVersionDate "2004.05.04"]
[SourceQuality "1"]

1. e4 e6 2. d3 c5 3. Nf3 Nc6 4. g3 d6 5. Bg2 Nf6 6. 0-0 Be7 7. Re1 Qc7 8. c3 0-0 9. a3 d5 10. e5 Nd7 11. Bf4 Qb6 12. b4 f6 13. d4 cxd4 14. cxd4 a5 15. Bh3 f5 16. b5 Qxb5 17. Nc3 Qb6 18. Bf1 Na7 19. h4 Nb8 20. Na4 Qd8 21. Rb1 Nbc6 22. Nb6 Rb8 23. Qd3 Bd7 24. Rec1 Nc8 25. Nxd7 Qxd7 26. Rc2 N8a7 27. Bg5 Rfc8 28. Rb6 Nd8 29. Rcb2 Rc6 30. Rxc6 Ndxc6 31. Bxe7 Qxe7 32. Rb6 Nc8 33. Rb1 N8a7 1/2-1/2

[Event "Werther Schloss op-A 10th"]
[Site "Werther"]
[Date "2004.04.03"]
[Round "3"]
[White "Ott, Mathias"]
[Black "Braun, Vitali"]
[Result "0-1"]
[WhiteElo "1930"]
[BlackElo "2209"]
[PlyCount "106"]
[EventDate "2004.04.02"]
[EventType "swiss"]
[EventRounds "5"]
[EventCountry "GER"]
[SourceTitle "CBM 099 Extra"]
[Source "ChessBase"]
[SourceDate "2004.05.04"]
[SourceVersion "1"]
[SourceVersionDate "2004.05.04"]
[SourceQuality "1"]

1. d4 d5 2. c4 c6 3. Nf3 Nf6 4. Nc3 a6 5. a4 e6 6. Bg5 Bb4 7. Qc2 0-0 8. e3 Nbd7 9. Bd3 Qa5 10. 0-0 dxc4 11. Bxc4 c5 12. Bxf6 Nxf6 13. Ne4 Nxe4 14. Qxe4 cxd4 15. Nxd4 Bd6 16. Rfd1 Bxh2+ 17. Kxh2 Qc7+ 18. Qf4 Qxc4 19. Rdc1 Qd5 20. Nf3 Bd7 21. Ne5 Bc6 22. Nxc6 bxc6 23. Rd1 Qb3 24. Rd7 Rad8 25. Rad1 Qxd1 26. Rxd1 Rxd1 27. Qc4 Rd2 28. Kg3 Rxb2 29. Qxc6 Rbb8 30. Qxa6 Ra8 31. Qc6 Ra5 32. Kf3 Rfa8 33. g4 h6 34. Qd7 Rxa4 35. Qe7 Ra2 36. g5 R2a7 37. Qc5 Ra5 38. Qc6 hxg5 39. Qc4 Ra2 40. Kg3 Rb2 41. Qg4 Rb5 42. Qc4 Rd5 43. Qb3 g6 44. Qc4 Rd2 45. Qc5 Raa2 46. Qxg5 Rxf2 47. Qd8+ Kg7 48. Qd4+ Rf6 49. Kg4 Rg2+ 50. Kh3 Rg5 51. Kh4 e5 52. Qb2 Rff5 53. Qc3 Rg1 0-1

[Event "Rostock  PSV op 03rd"]
[Site "Rostock"]
[Date "2003.08.30"]
[Round "6"]
[White "Ott, Mathias"]
[Black "Rudolf, Henrik"]
[Result "0-1"]
[WhiteElo "1899"]
[BlackElo "2316"]
[PlyCount "112"]
[EventDate "2003.08.28"]
[EventType "swiss"]
[EventRounds "7"]
[EventCountry "GER"]
[SourceTitle "EXT 2009"]
[Source "ChessBase"]
[SourceDate "2008.11.26"]
[SourceVersion "1"]
[SourceVersionDate "2008.11.26"]
[SourceQuality "1"]

1. d4 g6 2. c4 Bg7 3. Nf3 Nf6 4. Nc3 0-0 5. g3 d6 6. Bg2 Nbd7 7. 0-0 e5 8. dxe5 dxe5 9. Bg5 h6 10. Bxf6 Qxf6 11. Nd5 Qd8 12. Qc2 c6 13. Ne3 Qb6 14. Nd2 Nc5 15. Rad1 Be6 16. Ne4 Rad8 17. Nxc5 Qxc5 18. b3 f5 19. Rxd8 Rxd8 20. Rd1 Rd4 21. Nf1 e4 22. e3 Rxd1 23. Qxd1 Bf6 24. Nd2 Kf7 25. Nb1 Ke7 26. Kf1 a5 27. Ke1 a4 28. Bf1 axb3 29. axb3 Qb4+ 30. Ke2 f4 31. Nd2 f3+ 32. Ke1 Bc3 33. Qc2 c5 34. h4 g5 35. hxg5 hxg5 36. Qd1 g4 37. Qc2 Bxd2+ 38. Qxd2 Qxb3 39. Qa5 b6 40. Qa7+ Kf6 41. Qb8 Qc2 42. Qd8+ Kg6 43. Qe8+ Bf7 44. Qc6+ Kg7 45. Qd6 Qc1+ 46. Qd1 Qxd1+ 47. Kxd1 Kf6 48. Kc2 Bg6 49. Kb3 Ke5 50. Ka4 Be8+ 51. Kb3 Kd6 52. Ka3 Kc7 53. Kb3 Kb7 54. Ka3 Ka6 55. Kb3 Ka5 56. Ka3 Ba4 0-1

[Event "Werther Schloss op-B 9th"]
[Site "Werther"]
[Date "2003.04.13"]
[Round "4"]
[White "Moennich, Gerhard"]
[Black "Ott, Mathias"]
[Result "0-1"]
[WhiteElo "1726"]
[BlackElo "1814"]
[PlyCount "76"]
[EventDate "2003.04.11"]
[EventType "swiss"]
[EventRounds "5"]
[EventCountry "GER"]
[SourceTitle "EXT 2006"]
[Source "ChessBase"]
[SourceDate "2005.11.24"]
[SourceVersion "1"]
[SourceVersionDate "2005.11.24"]
[SourceQuality "1"]

1. e4 d5 2. exd5 Nf6 3. d4 Nxd5 4. c4 Nb6 5. Nc3 c6 6. Be3 Bf5 7. Nf3 e6 8. Qb3 Qc7 9. Rc1 N8d7 10. Be2 Rc8 11. 0-0 Be7 12. h3 h6 13. d5 exd5 14. cxd5 Nc5 15. Bxc5 Bxc5 16. Nh4 Bd7 17. dxc6 bxc6 18. Na4 Be7 19. Nf3 0-0 20. Nc5 Bxc5 21. Rxc5 Be6 22. Qc2 Nd7 23. Rc3 c5 24. b3 Qb6 25. Rc1 Nf6 26. Rxc5 Ne4 27. Rxc8 Qxf2+ 28. Kh2 Rxc8 29. Bc4 Qg3+ 30. Kg1 Bxh3 31. Ne1 Qe3+ 32. Kh2 Qf4+ 33. Kg1 Bf5 34. Qd1 Qe3+ 35. Kh2 Nf2 36. Qf3 Ng4+ 37. Kh1 Qxc1 38. Bxf7+ Kh8 0-1

[Event "Werther Schloss op-B 9th"]
[Site "Werther"]
[Date "2003.04.12"]
[Round "3"]
[White "Ott, Mathias"]
[Black "Brinkmann, Andrea"]
[Result "1/2-1/2"]
[WhiteElo "1814"]
[BlackElo "1741"]
[PlyCount "40"]
[EventDate "2003.04.11"]
[EventType "swiss"]
[EventRounds "5"]
[EventCountry "GER"]
[SourceTitle "EXT 2006"]
[Source "ChessBase"]
[SourceDate "2005.11.24"]
[SourceVersion "1"]
[SourceVersionDate "2005.11.24"]
[SourceQuality "1"]

1. d4 d5 2. c4 Nf6 3. Nc3 c6 4. Nf3 Bf5 5. e3 e6 6. a3 a5 7. Be2 Nbd7 8. 0-0 Bd6 9. cxd5 exd5 10. Bd3 Ne4 11. Qc2 Ndf6 12. h3 Qe7 13. Bd2 h6 14. Rfc1 0-0 15. Be1 Qe6 16. Nd2 Bxh3 17. Ndxe4 dxe4 18. Bxe4 Nxe4 19. Qxe4 Bf5 20. Qxe6 Bxe6 1/2-1/2